02903cam a22003491i 4500003000900000005001700009008004100026040003500067082002200102090002700124100009900151245021900250264013100469300002900600336003600629337003500665338002900700630007500729630005400804650005600858650005600914700009800970730003101068730003101099856055301130856056401683942001702247949003402264952012002298952012002418999001502538SA-RiAUC20241224140915.0241224s1983 qa g f000 0 ara c aSA-EnSBSSCbaracSA-RiAUCerda04a214.291qSA-RiAUC a214.291 b هـ ن د1 aالهندي، رحمة الله بن خليل الرحمن،d1233-1308 هجريeمؤلف.10aإظهار الحق /cتأليف رحمة الله بن خليل الرحمن العثماني الكيرانوي ؛ عني بطبعه ومراجعته عبد الله بن إبراهيم الأنصاري. 1aالدوحة :bوزارة التربية والتعليم، إدارة إحياء التراث الإسلامي،c1983 a648 صفحة ؛c24 سم aنصbtxt2rdacontent3كتاب aبدون وسيطbn2rdamedia aمجلدbnc2rdacarrier27aالكتاب المقدس.pالعهد القديمxتحريف2aucut27aالإنجيل.pع. ج.xتعليقات2aucut 7aالكتاب المقدس والإسلام2aucsh 7aالكتاب المقدس والإسلام2aucsh1 aالأنصاري، عبد الله بن إبراهيم،d1333-1410 هجريeمراجع.22aالكتاب المقدس.22aالكتاب المقدس. uhttp://www.saaid.net/book/1/237.zipyDigital Copy2 نرجو الانتباه لإمكانية وجود اختلاف في الطبعة أو الناشر بين البيانات على البوابة وما ستجده على الكتاب نظرا لمحدودية المعلومات المتاحة على الموقع الناشر للمادة.3Please note that there may be a difference in the edition or publisher between the data on the portal and the book due to the limited information available on the publisher website for the material. uhttp://saaid.net/book/open.php?cat=1&book=686yExternal Link2 نرجو الانتباه لإمكانية وجود اختلاف في الطبعة أو الناشر بين البيانات على البوابة وما ستجده على الكتاب نظرا لمحدودية المعلومات المتاحة على الموقع الناشر للمادة.3Please note that there may be a difference in the edition or publisher between the data on the portal and the book due to the limited information available on the publisher website for the material. 2ddccBOOKn0 aSA-JeALMd241224uosman123n1 00102ddc4070aWAHABbWAHABd2024-12-24l0o214.291 هـ ن دp000006278r2024-12-24 14:07:30w2024-12-24yBOOK 00102ddc4070aWAHABbWAHABd2024-12-24l0o214.291 هـ ن دp000006279r2024-12-24 14:07:30w2024-12-24yBOOK c3916d3916